000
00359nam a2200133Ia 4500
008
151001s9999||||xx |||||||||||||| ||und||
100
_a
द्वारकानाथ लेले
245
_a
गाजलेली चार पलायने
250
_a
2
260
_b
दिलीपराज
260
_c
2013
300
_a
48
365
_b
21
999
_c
1000100
_d
1000097